Central Library OPAC University of Rajshahi

The Nigerian political scene / (Record no. 27971)

MARC details
000 -LEADER
fixed length control field 01448cam a2200337 4500
001 - CONTROL NUMBER
control field 27971
003 - CONTROL NUMBER IDENTIFIER
rucl marc code BD-RjUL
005 - DATE AND TIME OF LATEST TRANSACTION
control field 20211209051225.0
008 - FIXED-LENGTH DATA ELEMENTS--GENERAL INFORMATION
fixed length control field 140329r19651962ncu 001 0 eng d
035 ## - SYSTEM CONTROL NUMBER
System control number (BD-RjUL)28052
System control number (NNC)2533334
040 ## - CATALOGING SOURCE
Original cataloging agency CCL
Transcribing agency CCL
Modifying agency WSU
-- SER
-- UKM
-- OCL
-- IXT
-- OCL
-- ZCU
-- BD-RjUL
Language of cataloging eng
041 ## - LANGUAGE CODE
Language code of text/sound track or separate title eng
082 00 - DEWEY DECIMAL CLASSIFICATION NUMBER
Classification number 966.9
Author mark and year NIG 1965
245 14 - TITLE STATEMENT
Title The Nigerian political scene /
Statement of responsibility, etc. by Archibald Callaway [and others] Edited by Robert O. Tilman and Taylor Cole.
260 ## - PUBLICATION, DISTRIBUTION, ETC. (IMPRINT)
Place of publication, distribution, etc. Durham, N.C. :
Name of publisher, distributor, etc. Published for the Duke University Commonwealth-Studies Center by Duke University Press,
Date of publication, distribution, etc. 1962. [Reprinted 1965]
300 ## - PHYSICAL DESCRIPTION
Pagination xii, 340 p. ;
Size 24 cm.
490 1# - SERIES STATEMENT
Series statement Duke University, Durham, N. C. Commonwealth Studies Center. Publication
Volume/sequential designation no. 17
504 ## - BIBLIOGRAPHY, ETC. NOTE
Bibliography, etc Bibliographical footnotes. and Index
505 1# - FORMATTED CONTENTS NOTE
Formatted contents note George P. Murdock -- W. B. Hamilton -- L. Gray Cowan -- Joseph J. Spengler -- Frederick Harbison -- Pendleton Herring -- Francis X. Sutton -- James O'Connell
651 #0 - SUBJECT ADDED ENTRY--GEOGRAPHIC NAME
Geographic name Nigeria
General subdivision Politics and government.
9 (RLIN) 85792
Geographic name Nigeria
General subdivision Economic conditions.
9 (RLIN) 85793
Geographic name Nigeria
Form subdivision Bibliography.
9 (RLIN) 85794
700 1# - ADDED ENTRY--PERSONAL NAME
Personal name Cole, Taylor,
Dates associated with a name 1905-1991,
Relator term editor.
Personal name Callaway, Archibald.
830 #0 - SERIES ADDED ENTRY--UNIFORM TITLE
Volume number/sequential designation no. 17.
830 #0 - SERIES ADDED ENTRY--UNIFORM TITLE
Uniform title Publication (Duke University. Commonwealth-Studies Center) ;
942 ## - ADDED ENTRY ELEMENTS (KOHA)
Source of classification or shelving scheme Dewey Decimal Classification
Koha item type Books
Holdings
Lost status Source of classification or shelving scheme Damaged status Not for loan Collection code Permanent Location Current Location Shelving location Date acquired Source of acquisition Cost, normal purchase price Total Checkouts Full call number Date last seen Copy number Koha item type
  Dewey Decimal Classification   Added to bundle Non-fiction Central Library, University of Rajshahi Central Library, University of Rajshahi Reading Room 07/09/1972 Sweets & Zeitlenger 4.95   966.9 NIG 1965 29/03/2014 C-1 Books